| 000 | 005160000a22001810004500 | ||
|---|---|---|---|
| 020 | _a0-8010-2906-6 | ||
| 041 | 0 | _aENG | |
| 082 | 0 | 4 | _aG 281.1 D2551e |
| 100 | 1 | _aDavies, J. G. (John Gordon) (1919-) | |
| 245 | 1 | 0 | _aThe early christian church : A history of its first five centuries / J. G. Davies |
| 260 | _aGrand Rapids, MI., USA : Baker | ||
| 300 | _a314 Pag | ||
| 001 | 8623 | ||
| 942 | _cBK | ||
| 999 |
_c38757 _d38757 |
||
| 336 |
_atexto _btxt _2rdacontent |
||
| 337 |
_2rdamedia _asin mediación _bn |
||
| 338 |
_2rdacarrier _avolumen _bnc |
||